000 00325nam a2200133 a 4500
005 20140513081051.0
008 020606s19uu xx 00 eng d
050 _aP 796.54
_bKEE
245 _aKeeping warm around the campfire.
300 _aPoster
440 _aHolt Science
650 _aScience--Posters
999 _c116336
_d116336